| 000 | 00730nam 22002293 4500 | ||
|---|---|---|---|
| 001 | 200664 | ||
| 010 | _a978-989-660-631-2 | ||
| 021 | _b460241/19 | ||
| 090 | _a200664 | ||
| 100 | _a20260220d u||y0pory50 ba | ||
| 200 |
_aA Arte da Paz _fSara Rodi _gilustrado por Madalena Bastos |
||
| 205 | _a1ª | ||
| 210 |
_aAlfragide _cOficina do Livro _d2019 |
||
| 215 |
_a165, [3] p. _cbrochado _d21 cm |
||
| 225 |
_aEscola das Estrelas _v3 |
||
| 300 | _aUma coleção que dá a conhecer uma escola diferente, onde todos os alunos gostariam de estudar! | ||
| 606 |
_aLiteratura Juvenil Portuguesa _951 |
||
| 675 |
_a821.131.3-93 _vPT _zpor |
||
| 700 |
_92552 _aRodi _bSara _f1978- |
||
| 801 |
_aPT _bBMMN _gRPC |
||
| 830 | _cAna Caetano | ||
| 990 | _cLIVROS | ||